<?xml version="1.0" encoding="UTF-8"?>
<record
    xmlns:xsi="http://www.w3.org/2001/XMLSchema-instance"
    xsi:schemaLocation="http://www.loc.gov/MARC21/slim http://www.loc.gov/standards/marcxml/schema/MARC21slim.xsd"
    xmlns="http://www.loc.gov/MARC21/slim">

  <leader>00627nam a2200145Ia 4500</leader>
  <controlfield tag="008">100122s9999    xx            000 0 und d</controlfield>
  <datafield tag="082" ind1=" " ind2=" ">
    <subfield code="b">32257</subfield>
    <subfield code="a">789.1</subfield>
  </datafield>
  <datafield tag="100" ind1=" " ind2=" ">
    <subfield code="a">&#x92E;&#x943;&#x926;&#x902;&#x917;&#x93E;&#x91A;&#x93E;&#x930;&#x94D;&#x92F; &#x92D;&#x917;&#x935;&#x93E;&#x928;&#x926;&#x93E;&#x938;</subfield>
  </datafield>
  <datafield tag="245" ind1=" " ind2=" ">
    <subfield code="a">&#x92E;&#x943;&#x926;&#x902;&#x902;&#x917; &#x924;&#x92C;&#x932;&#x93E;-&#x92A;&#x94D;&#x930;&#x92D;&#x93E;&#x915;&#x930; &#x92D;&#x93E;&#x917; 1 (&#x915;.&#x915;&#x94D;&#x930;.8/2 )</subfield>
  </datafield>
  <datafield tag="260" ind1=" " ind2=" ">
    <subfield code="b">&#x938;&#x902;&#x917;&#x940;&#x924; &#x915;&#x93E;&#x930;&#x94D;&#x92F;&#x93E;&#x932;&#x92F;</subfield>
    <subfield code="c">1905</subfield>
  </datafield>
  <datafield tag="300" ind1=" " ind2=" ">
    <subfield code="a">114</subfield>
  </datafield>
  <datafield tag="630" ind1=" " ind2=" ">
    <subfield code="a">&#x92E;&#x943;&#x926;&#x902;&#x902;&#x917; &#x924;&#x92C;&#x932;&#x93E;-&#x92A;&#x94D;&#x930;&#x92D;&#x93E;&#x915;&#x930; &#x92D;&#x93E;&#x917; 1 (&#x915;.&#x915;&#x94D;&#x930;.8/2 )</subfield>
  </datafield>
  <datafield tag="730" ind1=" " ind2=" ">
    <subfield code="a">&#x92E;&#x943;&#x926;&#x902;&#x902;&#x917; &#x924;&#x92C;&#x932;&#x93E;-&#x92A;&#x94D;&#x930;&#x92D;&#x93E;&#x915;&#x930; &#x92D;&#x93E;&#x917; 1 (&#x915;.&#x915;&#x94D;&#x930;.8/2 )</subfield>
  </datafield>
  <datafield tag="942" ind1=" " ind2=" ">
    <subfield code="c">BOOK</subfield>
  </datafield>
  <datafield tag="999" ind1=" " ind2=" ">
    <subfield code="c">383014</subfield>
    <subfield code="d">383011</subfield>
  </datafield>
  <datafield tag="952" ind1=" " ind2=" ">
    <subfield code="0">0</subfield>
    <subfield code="1">0</subfield>
    <subfield code="4">0</subfield>
    <subfield code="7">0</subfield>
    <subfield code="a">SVPPARLE</subfield>
    <subfield code="b">SVPPARLE</subfield>
    <subfield code="d">1982-03-28</subfield>
    <subfield code="g">8.00</subfield>
    <subfield code="l">0</subfield>
    <subfield code="o">32257</subfield>
    <subfield code="p">SVPPARLE-32257</subfield>
    <subfield code="r">2010-01-25 00:00:00</subfield>
    <subfield code="v">8.00</subfield>
    <subfield code="w">2010-01-25</subfield>
    <subfield code="y">BOOK</subfield>
    <subfield code="z">", , , NA"</subfield>
  </datafield>
</record>
